| 000 | 00628nam a2200169 i 4500 | ||
|---|---|---|---|
| 001 | 30131 | ||
| 003 | ES-MaACL | ||
| 005 | 20251017063044.0 | ||
| 007 | t| | ||
| 008 | 030123s1930 sp ||||1| spa d | ||
| 100 | 1 |
_aBarriobero y Herrán, Eduardo, _d1875-1939 _926012 |
|
| 245 | 1 | 0 |
_aHistoria ejemplar y atormentada del caballero con la mano en el pecho _b: (novela) / _cEduardo Barriobero y Herrán. |
| 260 |
_aMadrid, etc. : _bCompañía Ibero-Americana de Publicaciones, _c[1930] ( _fCia. General de Artes Gráficas) |
||
| 300 |
_a158 p. ; _c21 cm. |
||
| 852 |
_aES-MaACL _jC-4518 _bR.24264 |
||
| 999 |
_c30131 _d30131 |
||